| 000 | 00511nam a2200205Ia 4500 | ||
|---|---|---|---|
| 008 | 170918s9999 xx 000 0 und d | ||
| 020 | _a1597070149 | ||
| 050 | _bD622m 2006 | ||
| 100 | _aDixon, Franklin W. | ||
| 245 | _aMalled / | ||
| 245 | _cseries by Franklin W. Dixon ; written by Scott Lobdell. | ||
| 260 | _aSingapore : | ||
| 260 | _bPapercutz, | ||
| 260 | _c2005 | ||
| 300 | _aunpaged : | ||
| 300 | _bcolored illustrations ; | ||
| 300 | _c19cm. | ||
| 300 | _eThe hardy boys ; | ||
| 440 | _a4 | ||
| 999 |
_c343389 _d343389 |
||